00889nam a22002174a 450000100100000000500170001000800410002704000250006808200190009310000450011224500820015726000850023930000270032450400490035160000410040065000540044191000330049504900090052895201170053799900170065400001907120200929165920.0990219s1972 ve a b f000 0bspa  aDO-SdBNPcDLCdBNPHU aV861.42bP438d1 aPérez Martínez, Rosa María.94103410aDon Jorge Schmidke :bestudio monografico /cRosa María Pérez Martínez. aCaracas :b[Escuela de Educacion de la Universidad Central de Venezuela],c1972. a40 p. :bil. ;c24 cm. aIncludes bibliographical references (p. 38).10aSSHMIDKE, JORGEvBIOGRAFÍA.941035 4aPoesía venezolanaySIGLO XXvBIOGRAFÍA941036 aCatalogación derivada / LC aBNGR 001050718MOaGRbGRcCTd2010-05-25iLF1l0oV861.42 P438dp19071-10r2020-06-25w2020-06-25y1ZNo se presta c18589d18589